Dispute resolution (Record no. 76754)

MARC details
000 -LEADER
fixed length control field 00818cab a2200193 4500
001 - CONTROL NUMBER
control field ##L133030
008 - FIXED-LENGTH DATA ELEMENTS--GENERAL INFORMATION
fixed length control field 060404n2006 000 0 eng u
035 ## - SYSTEM CONTROL NUMBER
System control number (Sirsi) u133030
041 0# - LANGUAGE CODE
Language code of text/sound track or separate title eng
100 1# - MAIN ENTRY--PERSONAL NAME
Personal name Kissen, Nicholas
245 00 - TITLE STATEMENT
Title Dispute resolution
Remainder of title an alternative
260 ## - PUBLICATION, DISTRIBUTION, ETC.
Date of publication, distribution, etc. 2006
490 #0 - SERIES STATEMENT
Series statement News on the Block
Volume/sequential designation (26) 2006, 24(1)
520 ## - SUMMARY, ETC.
Summary, etc. Explains why the new Leasehold Advisory Service (LEASE) Mediation Scheme has been established and outlines how it works. Concludes that mediation is here to stay as a means of resolving landlord tenant disputes.
590 ## - LOCAL NOTE (RLIN)
Local note IKA110406
650 24 - SUBJECT ADDED ENTRY--TOPICAL TERM
Topical term or geographic name entry element LEASE MEDIATION SCHEME
690 ## - LOCAL SUBJECT ADDED ENTRY--TOPICAL TERM (OCLC, RLIN)
Topical term or geographic name as entry element MANAGEMENT-DISPUTE AVOIDANCE, MANAGEMENT AND RESOLUTION-DISPUTE MANAGEMENT AND RESOLUTION-ALTERNATIVE DISPUTE RESOLUTION-ASSISTED NEGOTIATION-MEDIATION
942 ## - ADDED ENTRY ELEMENTS (KOHA)
Suppress in OPAC 0
Holdings
Withdrawn status Lost status Source of classification or shelving scheme Damaged status Not for loan Home library Current library Shelving location Date acquired Total Checkouts Full call number Barcode Date last seen Copy number Price effective from Koha item type
    Dewey Decimal Classification     London London Journal article 04/04/2006   L133030 133030-1001 06/08/2019 1 06/08/2019 Journal article